Detail in Contemporary Residential Architecture 2 (Record no. 3700)
[ view plain ]
| 000 -LEADER | |
|---|---|
| fixed length control field | 00307nam a2200109Ia 4500 |
| 008 - FIXED-LENGTH DATA ELEMENTS--GENERAL INFORMATION | |
| fixed length control field | 200302s9999 xx 000 0 und d |
| 100 ## - MAIN ENTRY--PERSONAL NAME | |
| Personal name | David Phillips and Megumi Yamashita |
| 245 ## - TITLE STATEMENT | |
| Title | Detail in Contemporary Residential Architecture 2 |
| 260 ## - PUBLICATION, DISTRIBUTION, ETC. | |
| Name of publisher, distributor, etc. | Laurence King Publishing |
| 260 ## - PUBLICATION, DISTRIBUTION, ETC. | |
| Date of publication, distribution, etc. | 2014 |
| 300 ## - PHYSICAL DESCRIPTION | |
| Extent | 224 |
| Withdrawn status | Lost status | Damaged status | Not for loan | Permanent Location | Current Location | Date acquired | Cost, normal purchase price | Total Checkouts | Full call number | Barcode | Date last seen | Date last checked out | Price effective from | Koha item type |
|---|---|---|---|---|---|---|---|---|---|---|---|---|---|---|
| BMS College of Architecture, Design and Planning | BMS College of Architecture, Design and Planning | 2020-03-03 | 4304.00 | 1 | 728 | CL-UG67809 | 2022-09-02 | 2022-08-30 | 2020-03-03 | UG Books from CL |